000 00283nam a2200109Ia 4500
008 220216s9999 xx 000 0 und d
100 _aKanth D. Ravi
245 0 _aClimate finance: Already in trouble
260 _bEconomic and Political Weekly
_c2010
300 _a17-19
942 _cJS
999 _c55695
_d55695